Nanoparticles : (Record no. 1365)

MARC details
000 -LEADER
fixed length control field 01278nam a22003857a 4500
001 - CONTROL NUMBER
control field 16800347
003 - CONTROL NUMBER IDENTIFIER
control field OSt
005 - DATE AND TIME OF LATEST TRANSACTION
control field 20240703082938.0
008 - FIXED-LENGTH DATA ELEMENTS--GENERAL INFORMATION
fixed length control field 240703b |||||||| |||| 00| 0 eng d
010 ## - LIBRARY OF CONGRESS CONTROL NUMBER
LC control number 2010678378
015 ## - NATIONAL BIBLIOGRAPHY NUMBER
National bibliography number GBB058926
Source bnb
015 ## - NATIONAL BIBLIOGRAPHY NUMBER
National bibliography number 10,N08
Source dnb
016 7# - NATIONAL BIBLIOGRAPHIC AGENCY CONTROL NUMBER
Record control number 015546344
Source Uk
016 7# - NATIONAL BIBLIOGRAPHIC AGENCY CONTROL NUMBER
Record control number 1000249972
Source DE-101
020 ## - INTERNATIONAL STANDARD BOOK NUMBER
International Standard Book Number 9783527325894 (hbk. : alk. paper)
020 ## - INTERNATIONAL STANDARD BOOK NUMBER
International Standard Book Number 3527325891 (hbk. : alk. paper)
035 ## - SYSTEM CONTROL NUMBER
System control number (OCoLC)ocn663434786
040 ## - CATALOGING SOURCE
Original cataloging agency KMU
Transcribing agency KMU
Modifying agency KMU
Language of cataloging eng
Description conventions rda
042 ## - AUTHENTICATION CODE
Authentication code ukblcatcopy
-- lccopycat
050 00 - LIBRARY OF CONGRESS CALL NUMBER
Classification number QC176.8.N35
Item number S365 2010
245 00 - TITLE STATEMENT
Title Nanoparticles :
Remainder of title from theory to application /
Statement of responsibility, etc. edited by Günter Schmid.
250 ## - EDITION STATEMENT
Edition statement 2nd Completely Revised and Updated Edition.
260 ## - PUBLICATION, DISTRIBUTION, ETC.
Place of publication, distribution, etc. Weinheim :
Name of publisher, distributor, etc. Wiley-VCH,
Date of publication, distribution, etc. c2010.
300 ## - PHYSICAL DESCRIPTION
Extent xiii, 522 p. :
Other physical details ill. (some col.) ;
Dimensions 25 cm.
500 ## - GENERAL NOTE
General note "Second, completely revised and updated edition"--Cover.
504 ## - BIBLIOGRAPHY, ETC. NOTE
Bibliography, etc. note Includes bibliographical references and index.
650 #0 - SUBJECT ADDED ENTRY--TOPICAL TERM
Topical term or geographic name entry element Nanoparticles.
650 #0 - SUBJECT ADDED ENTRY--TOPICAL TERM
Topical term or geographic name entry element Nanoscience.
650 #0 - SUBJECT ADDED ENTRY--TOPICAL TERM
Topical term or geographic name entry element Nanostructures.
650 07 - SUBJECT ADDED ENTRY--TOPICAL TERM
Topical term or geographic name entry element Nanopartikel
Source of heading or term swd
700 1# - ADDED ENTRY--PERSONAL NAME
Personal name Schmid, Günter,
Dates associated with a name 1937-
906 ## - LOCAL DATA ELEMENT F, LDF (RLIN)
a 7
b cbc
c copycat
d 2
e ncip
f 20
g y-gencatlg
942 ## - ADDED ENTRY ELEMENTS (KOHA)
Source of classification or shelving scheme Library of Congress Classification
Koha item type Non-Fiction
Suppress in OPAC No
Holdings
Withdrawn status Lost status Source of classification or shelving scheme Damaged status Not for loan Collection Home library Current library Shelving location Date acquired Source of acquisition Total Checkouts Full call number Barcode Date last seen Price effective from Koha item type
    Library of Congress Classification     Non-fiction Kapasa Makasa University Kapasa Makasa University Open Access 03.07.2024 Book Aid International   QC176.8.N35.S365 Sch 300789 03.07.2024 03.07.2024 Non-Fiction